Представление документа в формате RUSMARC

ПолеНазваниеЗначение
  Тип записи a
  Библиографический уровень m
001 Контрольный номер RU/УОНБ/EK/548336587
005 Дата корректировки 20250520121945.8
010 Индекс ISBN __
a ISBN 978-5-8159-1356-1
d Цена 348 р. 85 к.
9 Тираж 2000 экз.
100 Данные общей обработки __
a Данные общей обработки 20170517d2016 u y0rusy0189||||ca
101 Язык документа 1_
a Язык текста rus
c Язык оригинала fre
102 Страна публикации __
a Страна публикации RU
105 Кодированные данные (монография) __
a Кодированные данные (монография) a z 001yy
200 Заглавие и сведения об ответственности 1_
a Заглавие Александр II
e Сведения, относящиеся к заглавию воспоминания
e Сведения, относящиеся к заглавию с прил. биогр. очерка Мориса Палеолога "Александр II и Екатерина Юрьевская"
f Первые сведения об ответственности княгиня Екатерина Юрьевская (псевд. Виктор Лаферте)
g Последующие сведения об ответственности пер. с фр. О. Вайнер, Э. Ставрогиной
210 Выходные данные 1_
a Место издания Москва
c Издательство Захаров
d Дата издания 2016
215 Физическое описание __
a Объем 218 с.
c Иллюстрации/тип воспроизводства ил.
d Формат 21 см
300 Общие примечания __
a Общие примечания 16+
320 Библиография __
a Библиография Указ. имен: с. 212-217
600 Персоналии _1
a Персоналии (Фамилия) Юрьевская, Екатерина Михайловна
607 Географические рубрики __
a Географическое наименование Россия
x Тематический подзаголовок История
z Хронологический подзаголовок 19 в.
j Формальный подзаголовок Воспоминания и записки
610 Ключевые слова 0_
a Ключевые слова Юрьевская Е.М.
610 Ключевые слова 0_
a Ключевые слова Россия - история 19 в.
610 Ключевые слова 0_
a Ключевые слова воспоминания княгини Юрьевской Е.М.
686 Индексы других классификаций __
a Классификационный индекс 63.3(2)522ю14
2 Код системы rubbk
700 Автор _1
a Фамилия Юрьевская
b Имя (инициалы) Е.М.
g Полное личное имя Екатерина Михайловна
702 Вторичная интеллектуальная ответственность _1
a Фамилия Вайнер
b Имя (инициалы) О.
4 Код отношения 730
702 Вторичная интеллектуальная ответственность _1
a Фамилия Ставрогина
b Имя (инициалы) Э.
4 Код отношения 730
801 Источник записи _0
a Страна RU
b Организация Ульяновская ОНБ
c Дата составления 20170517
g Правила каталогизации RCR
801 Источник записи _1
a Страна RU
b Организация Ульяновская ОНБ
c Дата составления 20170517
g Правила каталогизации RCR
901 Тип документа __
t Тип документа m
909 Создатель записи __
a Создатель записи Пряхина
b Дата создания записи 20170719
938 Служебная информация __
a Имя БД books
b Имя библиотеки УОНБ
c Имя АИБС МАРК-SQL
d Номер DOC_ID в БД 330972